=LDR 00000nam 2200000 4500 =001 INLIS000000000006565 =005 20251111091420 =035 ##$$a 0010-1125000439 =007 ta =008 251111###########################0#eng## =082 ##$$a 363.96 =084 ##$$a 363.96 THE =245 ##$$a The Case For One Brand In Injectables /$c Badan Koordinasi Keluarga Berencana Nasional =260 ##$:$b Badan Koordinasi Keluarga Berencana Nasional,$c 1991 =300 ##$$a 3 Hal : $b Ilus ; $c 21 =650 #4$$a Keluarga Berencana =856 ##$$a Perpustakaan Kemendukbangga